[Event "KEM 2011/2012"]
[Site "Recklinghausen"]
[Date "2012.02.04"]
[Round "4"]
[White "Mittmann, Volker"]
[Black "Odenwald, Andreas"]
[Result "1-0"]
[WhiteElo "1938"]
[BlackElo "1626"]
[Annotator "od"]
[PlyCount "73"]
[EventDate "2011.??.??"]
[EventType "swiss"]
[EventCountry "GER"]

1. e4 e5 2. Nf3 Nc6 3. Bb5 a6 4. Ba4 Nf6 5. 0-0 b5 6. Bb3 Be7 7. Re1 0-0 8. d4
exd4 9. e5 Ne8 10. Nxd4 Na5 11. Bd5 Bb7 12. Nc3 Bxd5 13. Nxd5 c6 14. Nxe7+ Qxe7
15. Bf4 c5 16. Nf3 Qe6 17. b3 Qf5 18. Be3 Rc8 19. Qd2 Nc7 20. Qxa5 Nd5 21. Qd2
Nxe3 22. Rxe3 c4 23. b4 Rfe8 24. Rd1 Re7 25. h3 Rce8 26. Rde1 Qg6 27. c3 Qb6
28. Qd4 Qd8 29. Rd1 a5 30. a3 axb4 31. axb4 Qa8 32. Qe4 Qa4 33. Rd6 f5 34. Qd5+
Kh8 35. Rxd7 h6 36. Rxe7 Rxe7 37. Qd8+ 1-0

[Event "KEM 2011/2012"]
[Site "Recklinghausen"]
[Date "2012.01.29"]
[Round "4"]
[White "Strohmann, Marc"]
[Black "Rath, Michael"]
[Result "1-0"]
[WhiteElo "1673"]
[BlackElo "1793"]
[PlyCount "47"]
[EventDate "2011.??.??"]
[EventType "swiss"]
[EventCountry "GER"]

1. c4 c6 2. d4 d5 3. Nf3 Nf6 4. Nc3 e6 5. e3 Bd6 6. Bd3 Nbd7 7. O-O O-O 8. e4
dxe4 9. Nxe4 Nxe4 10. Bxe4 f5 11. Bc2 e5 12. Bg5 Qe8 13. dxe5 Bxe5 14. Re1 Qg6
15. Nxe5 Qxg5 16. Nxd7 Rd8 17. f4 Qg6 18. Re7 Bxd7 19. Rxd7 Qf6 20. Bxf5 g6 21.
Be6+ Kh8 22. Qd2 Rxd7 23. Bxd7 Rd8 24. Rd1 1-0

[Event "KEM 2011/2012"]
[Site "Recklinghausen"]
[Date "2012.01.29"]
[Round "4"]
[White "Strozewski, Frank"]
[Black "Czarnik, Josef"]
[Result "1/2-1/2"]
[WhiteElo "1991"]
[BlackElo "1944"]
[PlyCount "128"]
[EventDate "2011.??.??"]
[EventType "swiss"]
[EventCountry "GER"]

1. c4 e5 2. Nc3 Nc6 3. e4 Nf6 4. d3 Bc5 5. g3 d6 6. Bg2 a6 7. Nge2 O-O 8. O-O
Be6 9. h3 Nd4 10. Kh2 Ne8 11. f4 f6 12. Nxd4 Bxd4 13. Ne2 Ba7 14. b4 c6 15. a4
Nc7 16. Ba3 b5 17. Rc1 Qd7 18. Qc2 Rfc8 19. Bb2 c5 20. bxc5 Bxc5 21. d4 Bxd4
22. Nxd4 exd4 23. c5 Bc4 24. c6 Qf7 25. axb5 axb5 26. Rf2 Ra2 27. Qd2 Ne6 28.
e5 d5 29. f5 Nc5 30. Qxd4 Nb3 31. e6 Qe7 32. Rxc4 Nxd4 33. Rxd4 Qc5 34. Rdd2
Rxb2 35. Rxb2 Rxc6 36. Rfd2 h5 37. Rxd5 Qa3 38. Re2 Rc7 39. Rd7 h4 40. Rd8+ Kh7
41. gxh4 Qe7 42. Red2 Ra7 43. Bf3 Ra2 44. Rxa2 Qxd8 45. Re2 Qe7 46. Kg2 b4 47.
Rd2 b3 48. Be4 Qb4 49. Re2 Qc4 50. Re1 Qb4 51. Kf2 Qd2+ 52. Re2 Qf4+ 53. Kg2
Qxh4 54. e7 Qg5+ 55. Kf2 Qf4+ 56. Bf3 Qh2+ 57. Bg2 Qf4+ 58. Bf3 b2 59. Rxb2
Qh2+ 60. Kf1 Qxb2 61. e8=Q Qc1+ 62. Kf2 Qc5+ 63. Qe3 Qxe3+ 64. Kxe3 g6 1/2-1/2

[Event "KEM 2011/2012"]
[Site "Recklinghausen"]
[Date "2012.01.25"]
[Round "4"]
[White "Callenberg, Ralf"]
[Black "Grothuesmann, Heinz"]
[Result "1/2-1/2"]
[WhiteElo "2125"]
[BlackElo "1634"]
[PlyCount "24"]
[EventDate "2011.??.??"]
[EventType "swiss"]
[EventCountry "GER"]

1. c4 e5 2. g3 Nf6 3. Bg2 Bc5 4. Nc3 O-O 5. Nf3 e4 6. Ng5 Bxf2+ 7. Kf1 Bb6 8.
Ngxe4 Re8 9. d4 Nxe4 10. Nxe4 d6 11. Bg5 f6 12. Bf4 Bf5 1/2-1/2

[Event "KEM 2011/2012"]
[Site "Recklinghausen"]
[Date "2012.01.25"]
[Round "4"]
[White "Deregowski, Richard"]
[Black "Ritter, Wolfgang"]
[Result "1/2-1/2"]
[WhiteElo "1488"]
[BlackElo "1561"]
[PlyCount "71"]
[EventDate "2011.??.??"]
[EventType "swiss"]
[EventCountry "GER"]

1. c4 c5 2. Nc3 e6 3. g3 Nf6 4. Bg2 Be7 5. e3 Nc6 6. Nge2 d5 7. cxd5 exd5 8. d4
c4 9. O-O O-O 10. a3 Be6 11. Bd2 a6 12. f4 Qd7 13. Na4 Qd8 14. f5 Bc8 15. Nac3
Re8 16. Qc2 b5 17. Nf4 b4 18. Ncxd5 Rb8 19. Nxe7+ Nxe7 20. Qxc4 bxa3 21. b3
Nxf5 22. Rfe1 Ne4 23. Bxe4 Rxe4 24. Rxa3 Qd6 25. Qc5 Qxc5 26. dxc5 Bb7 27. b4
Rd8 28. Rd3 Rxd3 29. Nxd3 Bc6 30. Kf2 Bb5 31. Nf4 Ne7 32. Bc3 f6 33. Rd1 Kf7
34. Rd6 Nf5 35. Rb6 Rxe3 36. Bd2 1/2-1/2

[Event "KEM 2011/2012"]
[Site "Recklinghausen"]
[Date "2012.01.25"]
[Round "4"]
[White "Eckert, Marius"]
[Black "Breuckmann, Walter"]
[Result "1-0"]
[WhiteElo "1947"]
[BlackElo "1607"]
[PlyCount "21"]
[EventDate "2011.??.??"]
[EventType "swiss"]
[EventCountry "GER"]

1. e4 c5 2. Nf3 Nc6 3. d4 cxd4 4. Nxd4 g6 5. Be3 Bg7 6. Nc3 Nf6 7. f3 d5 8. Bb5
Qd6 9. exd5 Nxd5 10. Nxd5 Qxd5 11. Nxc6 1-0

[Event "KEM 2011/2012"]
[Site "Recklinghausen"]
[Date "2012.01.25"]
[Round "4"]
[White "Gasper, Jörn"]
[Black "Heiduk, Christopher"]
[Result "1/2-1/2"]
[WhiteElo "1554"]
[BlackElo "1364"]
[PlyCount "101"]
[EventDate "2011.??.??"]
[EventType "swiss"]
[EventCountry "GER"]

1. e4 e6 2. f4 d5 3. e5 c5 4. Nf3 Nc6 5. b3 Bd7 6. g3 f6 7. Bb2 fxe5 8. Nxe5
Nf6 9. Nxd7 Qxd7 10. Bxf6 gxf6 11. Qh5+ Qf7 12. Qxf7+ Kxf7 13. Nc3 Nd4 14.
O-O-O Rc8 15. Ne2 Nc6 16. Bg2 b5 17. Rhe1 f5 18. Nc3 a6 19. Re2 Bg7 20. Rde1
Rhe8 21. Nd1 Rcd8 22. c3 Re7 23. Bf3 Rd6 24. Ne3 d4 25. Bxc6 dxe3 26. Bf3 exd2+
27. Rxd2 Rxd2 28. Kxd2 Rd7+ 29. Kc2 b4 30. c4 Bc3 31. Rd1 Rd4 32. Rxd4 cxd4 33.
Bb7 a5 34. c5 Ke7 35. Bc8 Be1 36. Kd3 Bf2 37. c6 Kd6 38. c7 Kxc7 39. Bxe6 h6
40. Bxf5 Kd6 41. Bg6 (41. Ke4) 41... Ke6 42. f5+ Kf6 43. g4 Bg1 44. h3 Bf2 45.
Ke2 Be3 46. h4 Ke5 47. Kd3 Bf2 48. g5 Bxh4 49. gxh6 Bf6 50. h7 Kf4 51. h8=Q
1/2-1/2

[Event "KEM 2011/2012"]
[Site "Recklinghausen"]
[Date "2012.01.25"]
[Round "4"]
[White "Krolik, Wilfried"]
[Black "Brautmeier, Jens"]
[Result "1-0"]
[WhiteElo "1611"]
[BlackElo "1383"]
[PlyCount "47"]
[EventDate "2011.??.??"]
[EventType "swiss"]
[EventCountry "GER"]

1. e4 e5 2. Nf3 Nc6 3. Bc4 Nf6 4. Nc3 Bb4 5. a3 Ba5 6. b4 Bb6 7. d3 d6 8. Bg5
Bg4 9. h3 Bd4 10. Bd2 Bxf3 11. Qxf3 Qe7 12. Rb1 Bxc3 13. Bxc3 b6 14. Bb5 Qd7
15. Qf5 a6 16. Qxd7+ Kxd7 17. Bc4 Ke7 18. Rf1 Nd4 19. Kd2 b5 20. Ba2 c5 21. f4
Rhc8 22. fxe5 dxe5 23. bxc5 Rxc5 24. Bb4 1-0

[Event "KEM 2011/2012"]
[Site "Recklinghausen"]
[Date "2012.01.25"]
[Round "4"]
[White "Lange, Hans-Werner"]
[Black "Sekulla, Markus"]
[Result "1/2-1/2"]
[WhiteElo "1580"]
[BlackElo "1637"]
[PlyCount "134"]
[EventDate "2011.??.??"]
[EventType "swiss"]
[EventCountry "GER"]

1. d4 e6 2. Bf4 Nf6 3. h3 Nc6 4. e3 d5 5. Nf3 h6 6. Nbd2 Bd6 7. Ne5 Bd7 8. a3
O-O 9. Bd3 Re8 10. O-O Ne7 11. c4 dxc4 12. Ndxc4 Ned5 13. Bh2 Be7 14. Rc1 Rc8
15. Qf3 c5 16. Nxd7 Nxd7 17. e4 N5f6 18. d5 exd5 19. exd5 b5 20. Ne3 c4 21. Bf5
Qb6 22. Rfd1 Bd6 23. Bxd6 Qxd6 24. Bxd7 Nxd7 25. Nf5 Qf6 26. g4 Ne5 27. Qg3
Rcd8 28. d6 Kf8 29. Re1 Rd7 30. Re3 g6 31. Rce1 gxf5 32. Rxe5 Rxe5 33. Rxe5 f4
34. Qc3 Rxd6 35. Rxb5 Rd1+ 36. Kh2 Qxc3 37. bxc3 Rc1 38. Rf5 Rxc3 39. Rxf4 Ke7
40. Rd4 Ke6 41. f4 f6 42. h4 Rc2+ 43. Kg1 c3 44. Kf1 Rb2 45. Rc4 c2 46. Ke1 Kd5
47. Rc7 Ke4 48. g5 Ke3 49. Rc3+ Kxf4 50. gxh6 Rb7 51. Rxc2 Rh7 52. Rc4+ Ke5 53.
Rc5+ Kf4 54. Ra5 Kg4 55. Kf2 Kxh4 56. Kf3 Rc7 57. Kf4 Rh7 58. Kf5 Kh5 59. Kxf6+
Kxh6 60. Rg5 Rf7+ 61. Kxf7 Kxg5 62. Ke6 Kf4 63. Kd5 Kf5 64. a4 a5 65. Kc5 Ke6
66. Kc6 Ke7 67. Kc7 Ke8 1/2-1/2

[Event "KEM 2011/2012"]
[Site "Recklinghausen"]
[Date "2012.01.25"]
[Round "4"]
[White "Nagel, Frank"]
[Black "Schulze Bisping, Franz"]
[Result "0-1"]
[WhiteElo "1632"]
[BlackElo "1923"]
[PlyCount "62"]
[EventDate "2011.??.??"]
[EventType "swiss"]
[EventCountry "GER"]

1. d4 e6 2. c4 f5 3. Nf3 b6 4. Nc3 Bb4 5. Bg5 Nf6 6. e3 Bb7 7. Be2 O-O 8. Qb3
Bxc3+ 9. bxc3 Qe8 10. O-O Ne4 11. Bf4 d6 12. c5 Nd7 13. Rfd1 Kh8 14. cxd6 cxd6
15. h3 Ndf6 16. a4 Nd5 17. Rdc1 Qh5 18. Rc2 Nxf4 19. exf4 Qh6 20. a5 g5 21.
axb6 a6 22. Nh2 Rg8 23. f3 gxf4 24. Bc4 Ng5 25. Kh1 Qh4 26. Bxe6 Nxe6 27. Qxe6
Rae8 28. Qa2 Re1+ 29. Nf1 Bxf3 30. Qxg8+ $2 Kxg8 31. b7 Bxb7 0-1

[Event "KEM 2011/2012"]
[Site "Recklinghausen"]
[Date "2012.01.25"]
[Round "4"]
[White "Strohmann, Marcel"]
[Black "Mayeres, Hans-Christian"]
[Result "1/2-1/2"]
[WhiteElo "1725"]
[BlackElo "1591"]
[PlyCount "30"]
[EventDate "2011.??.??"]
[EventType "swiss"]
[EventCountry "GER"]

1. e4 g6 2. d4 Bg7 3. c4 d6 4. Nc3 Nf6 5. Be3 O-O 6. Bd3 e5 7. d5 c6 8. f3 cxd5
9. cxd5 Nh5 10. Rc1 a6 11. Qb3 Nf4 12. Bf1 Bh6 13. Nge2 Nxe2 14. Nxe2 Bxe3 15.
Qxe3 Qa5+ 1/2-1/2

[Event "KEM 2011/2012"]
[Site "Recklinghausen"]
[Date "2012.01.25"]
[Round "4"]
[White "Wickenfeld, Stefan"]
[Black "Schawacht, Max"]
[Result "1-0"]
[WhiteElo "1973"]
[BlackElo "1730"]
[PlyCount "67"]
[EventDate "2011.??.??"]
[EventType "swiss"]
[EventCountry "GER"]

1. d4 d5 2. Nf3 e6 3. g3 Nf6 4. Bg2 c5 5. O-O Nc6 6. b3 b6 7. Bb2 Be7 8. Nbd2
Bb7 9. c4 O-O 10. Rc1 Rc8 11. Re1 Re8 12. a3 a6 13. dxc5 bxc5 14. cxd5 exd5 15.
Qc2 Bd6 16. Qf5 Ne7 17. Qh3 Ng6 {R} 18. Qf5 Ne7 19. Qd3 Ng6 20. e3 Ne4 21. Red1
Ne5 $2 22. Nxe5 Nxd2 23. Nxf7 Kxf7 24. Bxd5+ Bxd5 25. Qxd5+ Re6 26. Rxd2 Qe7
27. Rcd1 Rd8 28. Be5 Bc7 29. Qf3+ Kg8 30. Rxd8+ Bxd8 31. Qa8 Rxe5 32. Qxd8+
Qxd8 33. Rxd8+ Kf7 34. Rd6 1-0

[Event "KEM 2011/2012"]
[Site "Recklinghausen"]
[Date "2012.01.25"]
[Round "4"]
[White "Wimber, Hartmut"]
[Black "Homann, Dieter"]
[Result "1/2-1/2"]
[WhiteElo "1879"]
[BlackElo "1595"]
[PlyCount "46"]
[EventDate "2011.??.??"]
[EventType "swiss"]
[EventCountry "GER"]

1. d4 Nf6 2. Nf3 c5 3. c4 cxd4 4. Nxd4 e5 5. Nb5 d5 6. cxd5 Bc5 7. e3 O-O 8.
N5c3 e4 9. Be2 Nbd7 10. Nd2 Re8 11. Nb3 Bf8 12. O-O Nb6 13. Bb5 Bd7 14. Be2 Rc8
15. f3 exf3 16. Bxf3 Nc4 17. e4 Qb6+ 18. Kh1 Ne3 19. Bxe3 Qxe3 20. Qd4 Bc5 21.
Qxe3 Bxe3 22. Rfe1 Bf4 23. Rad1 Ng4 1/2-1/2

[Event "KEM 2011/2012"]
[Site "Recklinghausen"]
[Date "2011.12.01"]
[Round "3"]
[White "Bleich, Karl-Heinz"]
[Black "Deregowski, Richard"]
[Result "1-0"]
[WhiteElo "1452"]
[BlackElo "1488"]
[PlyCount "47"]
[EventDate "2011.??.??"]
[EventType "swiss"]
[EventCountry "GER"]

1. e4 e6 2. d4 d5 3. exd5 exd5 4. Nf3 Nf6 5. Bd3 Bd6 6. O-O O-O 7. Nc3 Bg4 8.
Bg5 Nbd7 9. Nxd5 h6 10. Nxf6+ Nxf6 11. Bd2 Qd7 12. c4 c6 13. Bc3 Qc7 14. h3 Bh5
15. Rc1 Rae8 16. Bb1 Kh8 17. d5 c5 18. Qd3 Bg6 19. Qd2 Bf4 20. Qd1 Bxc1 21.
Qxc1 Ne4 22. Bxe4 (22. Qxh6+) 22... Bxe4 $2 23. Nh2 (23. Qxh6+) 23... Bd3 $2
24. Qxh6+ 1-0

[Event "KEM 2011/2012"]
[Site "Recklinghausen"]
[Date "2011.12.01"]
[Round "3"]
[White "Breuckmann, Walter"]
[Black "Strozewski, Frank"]
[Result "0-1"]
[WhiteElo "1607"]
[BlackElo "2046"]
[PlyCount "126"]
[EventDate "2011.??.??"]
[EventType "swiss"]
[EventCountry "GER"]

1. d4 d6 2. Nf3 g6 3. e4 Bg7 4. c3 Nc6 5. Bf4 Bg4 6. Nbd2 e5 7. dxe5 dxe5 8.
Be3 Nge7 9. h3 Bxf3 10. Nxf3 O-O 11. Be2 b6 12. O-O h6 13. Qxd8 Raxd8 14. Rad1
Nc8 15. Rxd8 Rxd8 16. Rd1 Nd6 17. Nd2 f5 18. exf5 gxf5 19. f3 Kf7 20. Bf2 Bf6
21. Nc4 Ke6 22. g4 Bg5 23. Kg2 Ne7 24. Bg3 Nd5 25. Kg1 Nf4 26. Bxf4 Bxf4 27.
Nxd6 cxd6 28. Bd3 fxg4 29. hxg4 d5 30. c4 d4 31. Kf2 Kd6 32. Ke2 Kc5 33. a3 a5
34. b3 Rg8 35. Rh1 {R} Kd6 36. Be4 Bg5 37. Kd3 Rh8 38. Bf5 Rb8 39. Be4 b5 40.
Bd5 bxc4+ 41. Bxc4 Rf8 42. Rf1 Rf4 43. Kc2 e4 44. fxe4 Rxe4 45. Rg1 Ke5 46. Bd3
Re3 47. b4 axb4 48. axb4 Rf3 49. b5 Kd5 50. Rg2 Kc5 51. Be2 Rc3+ 52. Kb2 Bc1+
53. Kb1 Bf4 54. Kb2 Kb4 55. Rf2 Bc1+ 56. Kb1 Be3 57. Rf1 d3 58. Bf3 Kxb5 59.
Rd1 d2 60. Be2+ Kb4 61. Kb2 Rc1 62. Bf3 Bd4+ 63. Ka2 Kc3 0-1

[Event "KEM 2011/2012"]
[Site "Recklinghausen"]
[Date "2011.12.01"]
[Round "3"]
[White "Delling, Jürgen"]
[Black "Wickenfeld, Udo"]
[Result "1-0"]
[WhiteElo "1655"]
[BlackElo "1472"]
[PlyCount "103"]
[EventDate "2011.??.??"]
[EventType "swiss"]
[EventCountry "GER"]

1. d4 Nf6 2. Nf3 e6 3. c4 b6 4. Nc3 Bb7 5. Bg5 Be7 6. e3 c6 7. Bd3 c5 8. O-O
O-O 9. Rc1 Nc6 10. a3 cxd4 11. exd4 Rc8 12. Bf4 d6 13. Re1 Qd7 14. h3 Rfe8 15.
Bc2 Qd8 16. Qd3 g6 17. Ba4 Nh5 18. Be3 Rf8 19. Bh6 Ng7 20. d5 Ne5 21. Nxe5 dxe5
22. Qe4 Bd6 23. Rcd1 Qf6 24. Qe2 Rfd8 25. Ne4 Qf5 26. Bg5 Nh5 27. Bxd8 Rxd8 28.
Nxd6 Rxd6 29. Qxe5 Qxe5 30. Rxe5 Nf4 31. Re4 Nh5 32. g4 Nf6 33. Re2 a6 34. Bb3
exd5 35. cxd5 h5 36. Re7 Nd7 37. Re8+ Kg7 38. Rd8 hxg4 39. hxg4 Kf6 40. Re1
Bxd5 41. Rd1 Ke7 42. Rxd7+ Rxd7 43. Rxd5 Rc7 44. Re5+ Kf6 45. Re3 Kg5 46. Rc3
Re7 47. f3 f6 48. Kf2 Kh4 49. Rc6 Kg5 50. Rxb6 a5 51. Rb5+ Kf4 52. Rxa5 1-0

[Event "KEM 2011/2012"]
[Site "Recklinghausen"]
[Date "2011.12.01"]
[Round "3"]
[White "Grothuesmann, Heinz"]
[Black "Eckert, Marius"]
[Result "1/2-1/2"]
[WhiteElo "1634"]
[BlackElo "1947"]
[PlyCount "21"]
[EventDate "2011.??.??"]
[EventType "swiss"]
[EventCountry "GER"]

1. e4 e5 2. Nf3 Nf6 3. d4 Nxe4 4. Bd3 d5 5. Nxe5 Bd6 6. O-O O-O 7. c4 c6 8. Nc3
Nxc3 9. bxc3 Qh4 10. cxd5 cxd5 11. Rb1 1/2-1/2

[Event "KEM 2011/2012"]
[Site "Recklinghausen"]
[Date "2011.12.01"]
[Round "3"]
[White "Mayeres, Hans-Christian"]
[Black "Heiduk, Christopher"]
[Result "1-0"]
[WhiteElo "1591"]
[BlackElo "1364"]
[PlyCount "67"]
[EventDate "2011.??.??"]
[EventType "swiss"]
[EventCountry "GER"]

1. c4 c5 2. Nc3 Nc6 3. g3 b6 4. Bg2 Bb7 5. Nf3 e6 6. e4 Be7 7. O-O Nf6 8. d3
O-O 9. Ne1 d6 10. f4 Nd4 11. Nf3 Nxf3+ 12. Bxf3 d5 13. e5 Ne8 14. Qe2 Nc7 15.
Bd2 f6 16. exf6 Bxf6 17. Rae1 Qd7 18. Nd1 Rae8 19. Bc3 Bxc3 20. Nxc3 b5 21. Qg2
b4 22. Nd1 Ba8 23. Re5 Qd6 24. b3 Rf5 25. Rfe1 Rxe5 26. Rxe5 Rf8 27. Ne3 d4 28.
Bxa8 Nxa8 29. Ng4 Nb6 30. Qe4 Re8 31. f5 Nd7 32. Rxe6 Rxe6 33. fxe6 Nf6 34.
Nxf6+ 1-0

[Event "KEM 2011/2012"]
[Site "Recklinghausen"]
[Date "2011.12.01"]
[Round "3"]
[White "Pientka, Roman"]
[Black "Lange, Werner"]
[Result "1-0"]
[WhiteElo "1709"]
[BlackElo "1580"]
[PlyCount "69"]
[EventDate "2011.??.??"]
[EventType "swiss"]
[EventCountry "GER"]

1. e4 e6 2. d4 d5 3. Nc3 Nf6 4. Bg5 Be7 5. e5 Nfd7 6. Bxe7 Qxe7 7. f4 a6 8. Nf3
c5 9. Qd2 Nc6 10. Be2 O-O 11. O-O f6 12. exf6 Nxf6 13. Kh1 b5 14. dxc5 Qxc5 15.
Bd3 Bb7 16. Rae1 Rae8 17. a3 d4 18. Ne4 Qh5 19. Nd6 Re7 20. Nxb7 Rxb7 21. Rxe6
Nd8 22. Rxa6 Ng4 23. h3 Re7 24. Nxd4 Rfe8 25. Nf5 Rd7 26. Bc4+ Rf7 27. Bxf7+
Nxf7 28. Re1 Rf8 29. Ne7+ Kh8 30. Qe2 Nfh6 31. Kg1 Qc5+ 32. Kh1 Qd4 33. hxg4
Qxf4 34. Qe4 Qg3 35. Rxh6 1-0

[Event "KEM 2011/2012"]
[Site "Recklinghausen"]
[Date "2011.12.01"]
[Round "3"]
[White "Rath, Michael"]
[Black "Krolik, Wilfried"]
[Result "1-0"]
[WhiteElo "1888"]
[BlackElo "1611"]
[PlyCount "73"]
[EventDate "2011.??.??"]
[EventType "swiss"]
[EventCountry "GER"]

1. d4 Nf6 2. Nf3 g6 3. c4 Bg7 4. Nc3 O-O 5. e4 d6 6. h3 Nbd7 7. Bd3 e5 8. Bg5
h6 9. Be3 b6 10. Qd2 Kh7 11. g4 Ng8 12. h4 exd4 13. Nxd4 Ne5 14. f3 c5 15. Be2
cxd4 16. Bxd4 Be6 17. Nd5 Rc8 18. b3 Nc6 19. Bxg7 Kxg7 20. Rd1 Qd7 21. g5 Bxd5
22. Qxd5 Rfd8 23. h5 Nce7 24. gxh6+ Nxh6 25. Qg5 f6 26. Qg3 g5 27. f4 Nf7 28.
fxg5 fxg5 29. Bg4 Qc6 30. Rd5 Nxd5 31. exd5 Qe8+ 32. Be6 Kh6 33. O-O Rc7 34.
Rf6+ Kh7 (34... Kg7 $1 35. Rxf7+ Rxf7 36. Qxg5+ $11) 35. Qd3+ Kh8 36. Qf5 Ne5
$4 (36... Rdd7 37. h6 g4) 37. Rh6+ 1-0

[Event "KEM 2011/2012"]
[Site "Recklinghausen"]
[Date "2011.12.01"]
[Round "3"]
[White "Ritter, Wolfgang"]
[Black "Gasper, Jörn"]
[Result "0-1"]
[WhiteElo "1561"]
[BlackElo "1554"]
[PlyCount "50"]
[EventDate "2011.??.??"]
[EventType "swiss"]
[EventCountry "GER"]

1. e4 e5 2. Nf3 Nc6 3. Bc4 Bc5 4. d3 h6 5. Nbd2 d6 6. h3 Be6 7. Bxe6 fxe6 8. a3
Nf6 9. b4 Bb6 10. Nc4 O-O 11. Nxb6 axb6 12. O-O Nxb4 13. Bb2 (13. Bxh6 Nxd3 14.
Bxg7) 13... Nc6 14. c3 Qe8 15. Nh2 Nh5 16. Bc1 Qg6 17. Qg4 Qxg4 18. Nxg4 Nf4
19. Bxf4 exf4 20. f3 Ra5 21. Rf2 h5 22. Nh2 Rfa8 23. Rfa2 Ne5 24. d4 Nc4 25. a4
b5 0-1

[Event "KEM 2011/2012"]
[Site "Recklinghausen"]
[Date "2011.12.01"]
[Round "3"]
[White "Schawacht, Max"]
[Black "Wimber, Hartmut"]
[Result "1-0"]
[WhiteElo "1730"]
[BlackElo "1889"]
[PlyCount "59"]
[EventDate "2011.??.??"]
[EventType "swiss"]
[EventCountry "GER"]

1. e4 c5 2. Nf3 g6 3. d4 Bg7 4. Nc3 cxd4 5. Nxd4 Nc6 6. Be3 d6 7. Bc4 Nf6 8. f3
Bd7 9. Qd2 Nxd4 10. Bxd4 O-O 11. O-O-O Qc7 12. Bb3 a5 13. Bxf6 a4 14. Bxg7 Kxg7
15. Bd5 e6 16. Qd4+ Kg8 17. Bc4 Rfc8 18. Be2 a3 19. Qb4 axb2+ 20. Kxb2 d5 21.
Rd2 dxe4 22. Nxe4 Ra4 23. Qb3 Qe5+ 24. c3 Bc6 25. Rc1 Rca8 26. Ra1 f5 27. Nd6
Bd5 28. Nc4 b5 29. Nxe5 Bxb3 30. Kxb3 1-0

[Event "KEM 2011/2012"]
[Site "Recklinghausen"]
[Date "2011.12.01"]
[Round "3"]
[White "Schulze Bisping, Franz"]
[Black "Michalicek, Roland"]
[Result "1/2-1/2"]
[WhiteElo "1923"]
[BlackElo "1937"]
[PlyCount "104"]
[EventDate "2011.??.??"]
[EventType "swiss"]
[EventCountry "GER"]

1. d4 d5 2. c4 e6 3. Nc3 Nf6 4. Bg5 Be7 5. e3 c6 6. cxd5 Nxd5 7. Bxe7 Qxe7 8.
Bd3 Nd7 9. Nxd5 exd5 10. Nf3 Qb4+ 11. Qd2 Qxd2+ 12. Kxd2 O-O 13. Rhc1 f5 14. g3
h6 15. h4 g6 16. b4 a6 17. a4 Kf7 18. Rc2 Nb6 19. Rca2 Kf6 20. b5 axb5 21. axb5
Rxa2+ 22. Rxa2 cxb5 23. Bxb5 Bd7 24. Rb2 Rb8 25. Ne5 Be6 26. Be8 Rxe8 27. Rxb6
Re7 28. Nd3 g5 29. hxg5+ Kxg5 30. Nf4 Bf7 31. Rd6 b5 32. Nxd5 Ra7 33. Nb4 Ra4
34. Kc3 Ra3+ 35. Kc2 Bc4 36. Nc6 Ra2+ 37. Kc3 Rxf2 38. Ne5 Re2 39. Nxc4 bxc4
40. Re6 Kg4 41. Rxh6 {R} Rxe3+ 42. Kxc4 Kxg3 43. d5 f4 44. d6 Re1 45. Rg6+ Kf2
46. Kd5 f3 47. d7 Rd1+ 48. Ke6 Ke2 49. Ke7 f2 50. Re6+ Kf3 51. Rf6+ Kg2 52.
Rg6+ Kh2 1/2-1/2

[Event "KEM 2011/2012"]
[Site "Recklinghausen"]
[Date "2011.11.18"]
[Round "2"]
[White "Strohmann, Marcel"]
[Black "Czarnik, Josef"]
[Result "0-1"]
[WhiteElo "1725"]
[BlackElo "1944"]
[PlyCount "40"]
[EventDate "2011.??.??"]
[EventType "swiss"]
[EventCountry "GER"]

1. e4 c5 2. Nf3 e6 3. d4 cxd4 4. Nxd4 Nf6 5. Nc3 Bb4 6. Ndb5 Nxe4 7. Bf4 O-O 8.
Qd4 Bxc3+ 9. bxc3 d5 10. Nc7 Nc6 11. Qe3 e5 12. Nxa8 exf4 13. Qxf4 Qa5 14. Kd1
Qxc3 15. Rc1 Bg4+ 16. Be2 Bxe2+ 17. Kxe2 Qc4+ 18. Kf3 Nd4+ 19. Kg4 Qe2+ 20. Kh3
Qh5+ 0-1

[Event "KEM 2011/2012"]
[Site "Recklinghausen"]
[Date "2011.11.12"]
[Round "2"]
[White "Bleich, Karl-Heinz"]
[Black "Odenwald, Andreas"]
[Result "0-1"]
[WhiteElo "1452"]
[BlackElo "1626"]
[PlyCount "112"]
[EventDate "2011.??.??"]
[EventType "swiss"]
[EventCountry "GER"]

{1} 1. e4 e5 2. Nf3 Nc6 3. d4 exd4 4. Bc4 h6 5. O-O d6 6. c3 Ne5 7. Nxe5 dxe5
8. cxd4 exd4 9. Qb3 Qe7 10. Bd2 c5 11. Na3 Be6 12. Bxe6 fxe6 13. e5 Qd7 14. f4
Ne7 15. Rae1 Qd5 16. Nc4 O-O-O 17. Nd6+ Rxd6 18. exd6 Nf5 19. Qa4 Bxd6 20. Qxa7
Bb8 21. Qb6 Re8 22. Rc1 c4 23. a4 (23. Rxc4+) 23... Kd7 24. Rfe1 Ke7 25. Bb4+ (
25. Qb4+) 25... Kf7 26. Bd2 Nh4 27. Re2 d3 28. Rf2 Bd6 29. Be3 Nf5 30. Qb5 Nxe3
31. Qd7+ Re7 32. Qb5 d2 33. Rd1 Qxb5 34. axb5 Nxd1 35. Rxd2 Bc5+ 36. Kf1 Ne3+
37. Kf2 Nd5+ 38. Kf3 c3 39. Rc2 Bb4 40. bxc3 Bxc3 41. Ke4 Rc7 42. Ra2 b6 43. g4
Rc4+ 44. Kf3 Rxf4+ 45. Kg3 Rb4 46. h4 Be1+ 47. Kf3 Bxh4 48. Ra7+ Kf6 49. Ra8
Rf4+ 50. Ke2 Rxg4 51. Rf8+ Ke7 52. Rf3 Rg2+ 53. Kd1 Rb2 54. Ra3 Bf6 55. Ra7+
Kd6 56. Ra3 h5 0-1

[Event "KEM 2011/2012"]
[Site "Recklinghausen"]
[Date "2011.11.12"]
[Round "2"]
[White "Deregowski, Richard"]
[Black "Rath, Michael"]
[Result "0-1"]
[WhiteElo "1488"]
[BlackElo "1793"]
[PlyCount "92"]
[EventDate "2011.??.??"]
[EventType "swiss"]
[EventCountry "GER"]

1. c4 Nf6 2. Nc3 c6 3. g3 d5 4. cxd5 Nxd5 5. Bg2 e6 6. e4 Nf6 7. d3 Bc5 8. Nge2
h5 9. Bg5 Bxf2+ 10. Kd2 Qb6 11. Qb3 Ng4 12. Qxb6 Bxb6 13. h3 Ne5 14. Rad1 Nbd7
15. Bf4 Ng6 16. Bd6 Bc5 17. Bxc5 Nxc5 18. d4 Nd7 19. Rhf1 Nb6 20. b3 a5 21. Kd3
O-O 22. Nf4 Nxf4+ 23. Rxf4 g5 24. Rf6 Kg7 25. Rdf1 Nd7 26. R6f2 e5 27. d5 cxd5
28. Nxd5 Nc5+ 29. Kc3 Be6 30. Nc7 Rac8 31. Nxe6+ Nxe6+ 32. Kb2 Rc7 33. Rc1 Nc5
34. Rd2 Rfc8 35. Rcd1 Ne6 36. Bf3 Kg6 37. Be2 Nd4 38. Bc4 b5 39. Bf1 Rc2+ 40.
Ka3 R2c3 41. Rd3 R3c6 42. R3d2 Rf6 43. Rd3 Rf2 44. R3d2 Rc2 45. Rxf2 Rxf2 46.
g4 b4+ 0-1

[Event "KEM 2011/2012"]
[Site "Recklinghausen"]
[Date "2011.11.12"]
[Round "2"]
[White "Eckert, Marius"]
[Black "Schicktanz, Florian"]
[Result "1-0"]
[WhiteElo "1865"]
[BlackElo "1516"]
[PlyCount "73"]
[EventDate "2011.??.??"]
[EventType "swiss"]
[EventCountry "GER"]

1. e4 e5 2. Nf3 Nc6 3. Bc4 h6 4. d4 exd4 5. Nxd4 Bc5 6. Bxf7+ Kxf7 7. Qh5+ g6
8. Qxc5 Nxd4 9. Qxd4 Qf6 10. Qd3 Qe6 11. O-O Nf6 12. Nc3 c6 13. f4 d5 14. e5 (
14. f5 gxf5 15. Rxf5 dxe4 16. Nxe4 $18 Qxf5 17. Nd6+ Kg6 18. Nxf5 Bxf5 19. Qg3+
Kf7 20. Be3 Rae8 21. Bd4 Rhg8) 14... Qf5 (14... Nh5 15. Ne2 Qf5 16. Qc3 Kg8 17.
Nd4 Qf7 18. Bd2 $18) 15. Qxf5 Bxf5 16. exf6 Bxc2 17. Be3 Rhe8 18. Bd4 b6 19.
Be5 Rad8 20. Rac1 Bd3 21. Rfd1 Bf5 22. b4 Bg4 23. Rd2 Be6 24. Ne2 Rc8 25. Nd4
Bd7 26. Rdc2 g5 27. g3 gxf4 28. gxf4 Rg8+ 29. Kf2 Bh3 30. Rxc6 Rg2+ 31. Ke3
Rgg8 32. Nb5 d4+ 33. Bxd4 Rce8+ 34. Be5 Re6 35. Nd6+ Kg6 36. Rg1+ Kh7 37. Rc7+
1-0